000 00380nam a2200157Ia 4500
008 230711s9999||||xx |||||||||||||| ||und||
041 _aENG
082 _a540
_bSC-U
100 _aM.K Schumm
245 0 _aUnderstanding organic Chemistry
250 _a1st Ed.
260 _c1987
_aNew Delhi
_bMacMillan Publications Pvt.Ltd
300 _a634
650 _aChemistry
942 _cBK
999 _c1993
_d1993